Producción ovina (Record no. 20064)

000 -CABECERA
fixed length control field 00913nam a22002297a 4500
003 - IDENTIFICADOR DEL NÚMERO DE CONTROL
control field AR-CdUCM
008 - DATOS DE LONGITUD FIJA--INFORMACIÓN GENERAL
fixed length control field 190525b ||||| |||| 00| 0 spa d
040 ## - FUENTE DE LA CATALOGACIÓN
Agencia/entidad que catalogó originalmente la obra MUNICIPALIDAD PROVINCIAL DEL CUSCO
Entidad que transcribió la catalogación BIBLIOTECA MUNICIPAL DEL CUSCO
082 ## - NÚMERO DE LA CLASIFICACIÓN DECIMAL DEWEY
No. de Clasificación 636.08 /
Notacion interna EN65
100 ## - ENTRADA PRINCIPAL--NOMBRE DE PERSONA
Nombre Personal Ensminger, M. E.
245 ## - MENCIÓN DE TÍTULO
Título Producción ovina
260 ## - PUBLICACIÓN, DISTRIBUCIÓN, ETC.
Lugar de publicación, distribución, etc. Buenos Aires :
Nombre de la editorial, distribuidor, etc. El ateneo,
Fecha de publicación, distribución, etc. 1973.
300 ## - DESCRIPCIÓN FÍSICA
Nº de Páginas Extensión 391 páginas ;
Otros detalles físicos Fotografías a b/n
Dimensiones 27 cm.
440 ## - MENCIÓN DE SERIE/PUNTO DE ACCESO ADICIONAL--TÍTULO
Título Biblioteca de producción animal
9 (RLIN) 20917
505 ## - NOTA DE CONTENIDO CON FORMATO
Nota de contenido formateada Contenido: Historia y desarrollo de la industria de los ovinos y caprinos -- Origen y domesticación de los ovinos -- La lana a través de los tiempos -- El auge del Merino -- Clasificación y razas de ovinos...
650 ## - PUNTO DE ACCESO ADICIONAL DE MATERIA--TÉRMINO DE MATERIA
Descriptor Ovinos
9 (RLIN) 21745
650 ## - PUNTO DE ACCESO ADICIONAL DE MATERIA--TÉRMINO DE MATERIA
Descriptor Crianza de ovinos
9 (RLIN) 41981
650 ## - PUNTO DE ACCESO ADICIONAL DE MATERIA--TÉRMINO DE MATERIA
Descriptor Caprinos
9 (RLIN) 41982
650 ## - PUNTO DE ACCESO ADICIONAL DE MATERIA--TÉRMINO DE MATERIA
Descriptor Lana de ovino
9 (RLIN) 41983
942 ## - ELEMENTOS DE PUNTO DE ACCESO ADICIONAL (KOHA)
Fuente de clasificación
Tipo de item Libros-BMC
945 ## - PROCESAMIENTO DE INFORMACIÓN LOCAL (OCLC)
Catalogador Andy
AAAA-MM-DD - Fecha de ingreso o modificacion 2019-05-25
Holdings
Estado de retiro (separado) Fuente de clasificación o esquema de estanterías Estado dañado Ubicación Sala donde se ubica Nombre de la colección Fecha de adquisición o compra Costo, precio normal en soles Signatura topográfica Código de Barras Última vez visto (Koha) Tipo de ítem (Koha)
No     Sala Ciencias Sala Ciencias Book Cart 2019-05-25 25.00 636.08 / EN65 SC0000001592 2019-05-25 Libros-BMC

Powered by Koha